Marketing Management (Record no. 10823)

MARC details
000 -LEADER
fixed length control field 00410nam a2200157Ia 4500
008 - FIXED-LENGTH DATA ELEMENTS--GENERAL INFORMATION
fixed length control field 191201s2011 xx 000 0 und d
082 ## - DEWEY DECIMAL CLASSIFICATION NUMBER
Classification number 658.8
Item number GUM
100 ## - MAIN ENTRY--PERSONAL NAME
Personal name GUPTA, Prachi
245 #0 - TITLE STATEMENT
Title Marketing Management
250 ## - EDITION STATEMENT
Edition statement 15th
260 ## - PUBLICATION, DISTRIBUTION, ETC. (IMPRINT)
Place of publication, distribution, etc New Delhi
Name of publisher, distributor, etc Pearson
Date of publication, distribution, etc 2021
300 ## - PHYSICAL DESCRIPTION
Extent 750
650 ## - SUBJECT ADDED ENTRY--TOPICAL TERM
Topical term or geographic name as entry element Bachelor of Fashion and Apparel Design
700 ## - ADDED ENTRY--PERSONAL NAME
Personal name AGGARWAL, Ashita and others
942 ## - ADDED ENTRY ELEMENTS (KOHA)
Source of classification or shelving scheme Dewey Decimal Classification
Koha item type Text Books
Holdings
Withdrawn status Lost status Source of classification or shelving scheme Damaged status Not for loan Collection code Home library Current library Date acquired Source of acquisition Currency Cost, normal purchase price Bill Number Total Checkouts Full call number Acc. no. / Barcode Date last seen Actual Cost, discounted price Bill Date Koha item type
    Dewey Decimal Classification     Bachelor of Fashion and Apparel Design PIET NCR College Library PIET NCR College Library 31/07/2021 Kirti Prakashan IN Rupees 1049.00 IN2310   658.8 GUM N1789 07/08/2021 356.66 31/07/2021 Text Books
    Dewey Decimal Classification     Bachelor of Fashion and Apparel Design PIET NCR College Library PIET NCR College Library 31/07/2021 Kirti Prakashan IN Rupees 1049.00 IN2310   658.8 GUM N1790 07/08/2021 356.66 31/07/2021 Text Books
    Dewey Decimal Classification     Bachelor of Fashion and Apparel Design PIET NCR College Library PIET NCR College Library 31/07/2021 Kirti Prakashan IN Rupees 1049.00 IN2310   658.8 GUM N1791 07/08/2021 356.66 31/07/2021 Text Books
    Dewey Decimal Classification     Bachelor of Fashion and Apparel Design PIET NCR College Library PIET NCR College Library 31/07/2021 Kirti Prakashan IN Rupees 1049.00 IN2310   658.8 GUM N1792 07/08/2021 356.66 31/07/2021 Text Books
    Dewey Decimal Classification     Bachelor of Fashion and Apparel Design PIET NCR College Library PIET NCR College Library 31/07/2021 Kirti Prakashan IN Rupees 1049.00 IN2310   658.8 GUM N1793 07/08/2021 356.66 31/07/2021 Text Books

Design & Developed by: PIET Central Library
R70 Miles Stone Pattikalyana Samalkha Panipat 132102
mail ID :- [email protected], Phone No:- 0180-2569700 Ex.216